Market Growth Monitor (Record no. 85182)

MARC details
000 -LEADER
fixed length control field 00699cas a2200241 4500
001 - CONTROL NUMBER
control field L160165
008 - FIXED-LENGTH DATA ELEMENTS--GENERAL INFORMATION
fixed length control field 180911n2018 eng u
035 ## - SYSTEM CONTROL NUMBER
System control number (Sirsi) u160165
041 0# - LANGUAGE CODE
Language code of text/sound track or separate title eng
110 2# - MAIN ENTRY--CORPORATE NAME
Corporate name or jurisdiction name as entry element CGA
9 (RLIN) 6212
245 00 - TITLE STATEMENT
Title Market Growth Monitor
Medium [electronic resource]
260 ## - PUBLICATION, DISTRIBUTION, ETC.
Date of publication, distribution, etc. 2018
490 #0 - SERIES STATEMENT
Series statement Market Growth Monitor
520 ## - SUMMARY, ETC.
Summary, etc. Monitors the licensed trade market including pubs and restaurants
554 ## -
-- Monthly
650 24 - SUBJECT ADDED ENTRY--TOPICAL TERM
Topical term or geographic name entry element LICENSED PREMISES
650 24 - SUBJECT ADDED ENTRY--TOPICAL TERM
Topical term or geographic name entry element PUBS
650 24 - SUBJECT ADDED ENTRY--TOPICAL TERM
Topical term or geographic name entry element RESTAURANTS
651 #4 - SUBJECT ADDED ENTRY--GEOGRAPHIC NAME
Geographic name United Kingdom
Chronological subdivision
690 ## - LOCAL SUBJECT ADDED ENTRY--TOPICAL TERM (OCLC, RLIN)
Topical term or geographic name as entry element Commercial property
9 (RLIN) 6227
856 48 - ELECTRONIC LOCATION AND ACCESS
Uniform Resource Identifier <a href="https://www.cga.co.uk/blog/">https://www.cga.co.uk/blog/</a>
Public note View the item free of charge at www.cga.co.uk
942 ## - ADDED ENTRY ELEMENTS (KOHA)
Suppress in OPAC 0
Holdings
Withdrawn status Lost status Source of classification or shelving scheme Damaged status Not for loan Home library Current library Shelving location Date acquired Total Checkouts Full call number Barcode Date last seen Copy number Price effective from Koha item type
    Dewey Decimal Classification     Virtual Virtual Online 11/09/2018   ONLINE PUBLICATION 160165-2001 06/08/2019 1 06/08/2019 Book